Přísahej /
Milostný příběh z vysokoškolského prostředí.
Uloženo v:
| Série: | Boys of Avix,
část 1 |
|---|---|
| Hlavní autor: | |
| Další autoři: | |
| Médium: | Kniha |
| Jazyk: | Czech |
| Vydáno: |
Praha :
Dobrovský s.r.o.,
2025
|
| Edice: | Red
|
| Témata: | |
| Celkem bylo vypůjčeno: | 0x |
| Příbuzné jednotky: | Z cyklu::
Boys of Avix |
| Tagy: |
Žádné tagy |
| LEADER | 02312nam a2200481 i 4500 | ||
|---|---|---|---|
| 001 | 106298 | ||
| 003 | CZ PrNK | ||
| 005 | 20260512112201.0 | ||
| 007 | ta | ||
| 008 | 250214s2025 xr g 000 f cze | ||
| 015 | |a cnb003672921 | ||
| 020 | |a 9788027740895 |q (brožováno) : |c Kč 499,00 | ||
| 040 | |a ABG001 |b cze |e rda | ||
| 041 | 1 | |a cze |h eng | |
| 072 | 7 | |a 821.111(73)-3 |x Americká próza |2 Konspekt |9 25 | |
| 080 | |a 821.111(73)-31 |2 MRF | ||
| 080 | |a (0:82-312.5) |2 MRF | ||
| 080 | |a (0:82-31)-055.2 |2 MRF | ||
| 100 | 1 | |a Brandy, Meagan |7 xx0329196 |4 aut |9 117125 | |
| 240 | 1 | 0 | |a Say you swear. |l Česky |
| 245 | 1 | 0 | |a Přísahej / |c Meagan Brandy ; přeložila Martina Balzano |
| 264 | 1 | |a Praha : |b Dobrovský s.r.o., |c 2025 | |
| 300 | |a 557 stran ; |c 20 cm | ||
| 336 | |a text |b txt |2 rdacontent | ||
| 337 | |a bez média |b n |2 rdamedia | ||
| 338 | |a svazek |b nc |2 rdacarrier | ||
| 490 | 1 | |a Red | |
| 500 | |a Přeloženo z angličtiny | ||
| 520 | 2 | |a Milostný příběh z vysokoškolského prostředí. |b Arianna dlouhé roky toužila po Chaseovi, nejlepším kamarádovi svého bratra. Jejich první společná noc je ale zároveň jejich poslední a Ari zbývají jen oči pro pláč. Když potká Noaha, stanou se z nich nejprve přátelé. Učí ji vařit, povídá si s ní a vždy naslouchá. Z dobrého přátelství se začne postupně vyvíjet něco hlubšího a Ari je konečně připravena nechat Chase v minulosti. V tu chvíli se však Chase znovu objeví v jejím životě a je pevně rozhodnutý, že ji musí získat zpátky. Ari je rozpolcena mezi dvěma muži - s Noahem ji pojí pevné pouto, ale sex-appealu své první lásky nedokáže odolat. | |
| 653 | 0 | |a literatura new adult | |
| 655 | 7 | |a americké romány |7 fd131796 |2 czenas |9 53403 | |
| 655 | 7 | |a milostné romány |7 fd132840 |2 czenas |9 53718 | |
| 655 | 7 | |a romány pro ženy |7 fd187897 |2 czenas |9 115 | |
| 655 | 9 | |a American fiction |2 eczenas | |
| 655 | 9 | |a love novels |2 eczenas | |
| 655 | 9 | |a women's novels |2 eczenas | |
| 700 | 1 | |a Balzano, Martina, |d 1985- |7 xx0318418 |4 trl |9 115690 | |
| 787 | 0 | 8 | |i Z cyklu: |t Boys of Avix |g 1 |
| 830 | 0 | |a Red | |
| 910 | |a UOG502 | ||
| 942 | |2 ddc |c KN | ||
| 999 | |d 106298 | ||
| 993 | |0 0 |1 421180107023 |2 ddc |4 0 |7 0 |9 99671 |b 0 |c 107023 |d 2026-05-12 |e 0 |f DOSP |h 499.00 |i Koupě |l DOSP |r 2026-05-12 |t 6 |w 2026-05-12 |y KN |z BELET |n | ||